00778nai a2200181Ia 4500003000900000008004100009022002300050040001600073245004400089260005100133362002600184521006900210650003600279856009300315942000700408999001700415952016400432IN-BaIIA211028c9999 xx s 000 0 eng d a2688-5255 (Online) cIIA Library 0aJournal of Social Computingh[eJournal] aBeijing, ChinabTsinghua University Press(TUP) a1(1); 2020 - Present  bSubscribed through National Knowledge Resource Consortium (NKRC) aComputing and Processing948785 uhttps://ieeexplore.ieee.org/servlet/opac?punumber=8964404yClick Here to Access eJournal cEJ c35213d35213 00104070aBANbBANd2009-01-01eNKRCh1(1); 2020 - Present l0pEJ1297r2021-11-05uhttps://ieeexplore.ieee.org/servlet/opac?punumber=8964404w2021-11-05yEJ